00714cam a22002531 4500001001300000003000400013005001700017008004100034010002200075025001900097040001800116043001200134050001600146082001300162110005100175245004300226260002200269300003100291350001300322504003100335650003200366650004500398999001700443sa 68001156 DLC20260227112430.0710903s1967 ii a b 000 0 eng  asa 68001156 //r95 aPL480:I-E-8881 aDLCcDLCdDLC aa-ii---00aHD5069b.N300a331.2/1520aNational Council of Applied Economic Research.10aWage differentials in Indian industry.1 aNew Delhic[1967] axi, 176 p.billus.c24 cm. aRs24a$4 aBibliographical footnotes. 0aWageszIndiaxCase studies. 0aWage differentialszIndiazCase studies. c77753d77753